Green Guides by Michelin - Europe Quiz Stats

 Plays Quiz not verified by Sporcle

Score 0/40 Timer 15:00
0 Plays Today
Guide name % Correct
Espagne côté Est
88.2%
Espagne du Centre
88.2%
Espagne Atlantique
88.2%
Portugal
88.2%
Suisse
88.2%
Italie du Sud et Rome
88.2%
Irlande
88.2%
Norvège
88.2%
Danemark et Suède
88.2%
Grèce continentale
88.2%
Allemagne du Sud
82.4%
Autriche
82.4%
Pays-Bas
82.4%
Italie du Nord
82.4%
Roumanie
82.4%
Allemagne Nord et Centre
76.5%
Belgique
76.5%
Angleterre et Pays de Galles
76.5%
Ecosse
76.5%
Pologne
76.5%
Guide name % Correct
Londres
70.6%
Croatie
64.7%
Barcelone et la Catalogne
58.8%
Rome
58.8%
Islande
52.9%
Prague
52.9%
Crète
52.9%
Côte d’Azur et Monaco
47.1%
Sicile
47.1%
Sardaigne
47.1%
Venise
47.1%
Moscou et Saint-Petersbourg
47.1%
Iles grecques et Athènes
41.2%
Pays Basque et Navarre
35.3%
Toscane et Ombrie
29.4%
Scandinavie
23.5%
Pays Baltes
17.6%
Andalousie
11.8%
Grandes villes wallonnes
5.9%
Pouilles et Basilicate
5.9%

You're not logged in!

Compare scores with friends on all Sporcle quizzes.
OR
Log In

Show Comments

Extras

Created Jun 17, 2017ReportNominate
Tags:Europe Quiz, michelin, tourism

Top Quizzes Today


Score Distribution

Your Account Isn't Verified!

In order to create a playlist on Sporcle, you need to verify the email address you used during registration. Go to your Sporcle Settings to finish the process.

Report this User

Report this user for behavior that violates our Community Guidelines.

Details: